Music Quiz

Random Music or Lyrics Quiz

The Prettiest Star by David Bowie Quiz Stats

Quiz not verified by Sporcle

Challenge
Share
Tweet
Embed
Score 0/164 Timer 05:00
1 Play Today
Words % Correct
the
100%
the
100%
the
100%
the
100%
the
100%
the
100%
the
100%
the
100%
the
100%
the
100%
the
100%
I
98.9%
I
98.9%
I
98.9%
I
98.9%
I
98.9%
you
96.8%
you
96.8%
you
96.8%
you
96.8%
you
96.8%
prettiest
96.8%
star
96.8%
you
96.8%
you
96.8%
prettiest
96.8%
star
96.8%
you
96.8%
prettiest
96.8%
star
96.8%
you
96.8%
you
96.8%
prettiest
96.8%
star
96.8%
a
95.7%
a
95.7%
a
95.7%
a
95.7%
in
91.5%
in
91.5%
in
91.5%
in
91.5%
in
91.5%
be
90.4%
be
90.4%
be
90.4%
and
88.3%
your
88.3%
your
88.3%
and
88.3%
your
88.3%
and
88.3%
are
86.2%
are
86.2%
are
86.2%
Words % Correct
are
86.2%
to
85.1%
so
85.1%
to
85.1%
to
85.1%
to
85.1%
all
84%
all
84%
of
84%
all
84%
all
84%
of
84%
all
84%
of
84%
all
84%
all
84%
of
84%
will
81.9%
it
81.9%
it
81.9%
it
81.9%
will
81.9%
it
81.9%
it
81.9%
will
81.9%
Cold
80.9%
but
80.9%
cold
80.9%
but
80.9%
everything
79.8%
fire
78.7%
got
78.7%
fire
78.7%
when
78.7%
when
78.7%
you've
77.7%
my
76.6%
memory
75.5%
song
75.5%
memory
75.5%
song
75.5%
back
74.5%
sing
74.5%
back
74.5%
sing
74.5%
Is
72.3%
is
72.3%
how
71.3%
loved
71.3%
how
71.3%
loved
71.3%
take
68.1%
that
68.1%
child
67%
It's
67%
Words % Correct
it's
67%
can
66%
movies
64.9%
movies
64.9%
up
63.8%
up
63.8%
up
63.8%
peace
61.7%
heart
61.7%
see
60.6%
feel
59.6%
make
59.6%
one
57.4%
day
57.4%
one
57.4%
day
57.4%
rest
56.4%
tired
56.4%
makes
56.4%
break
56.4%
past?
56.4%
what
56.4%
past?
56.4%
what
56.4%
sky
55.3%
trick
55.3%
as
55.3%
as
55.3%
way
54.3%
way
54.3%
staying
53.2%
staying
53.2%
place
52.1%
because
52.1%
pieces
51.1%
near
50%
moved
48.9%
moved
48.9%
because
48.9%
moved
48.9%
tried
47.9%
well
47.9%
someday
47.9%
well
47.9%
someday
47.9%
might
46.8%
might
46.8%
rise
45.7%
rise
45.7%
though
44.7%
though
44.7%
wide
43.6%
took
27.7%
took
27.7%

You're not logged in!

Compare scores with friends on all Sporcle quizzes.
Sign Up with Email
OR
Log In

You Might Also Like...

Show Comments

Extras

Top Quizzes Today


Score Distribution

Your Account Isn't Verified!

In order to create a playlist on Sporcle, you need to verify the email address you used during registration. Go to your Sporcle Settings to finish the process.